00422nam a2200133Ia 45000010005000000080041000050200022000460820020000681000023000882450108001112600027002199010027002469990015002732353241024s9999 xx 000 0 und d a978-9945-404-74-6 aRD/860.09/G984c aFranklin Gutierrez 0aDe Cementarios, Varones y Tumbas. Multiples caras de la muerte en la cultura y la literatura dominicana bEditora Nacionalc2012 a10/8/2012 4:15:24 p.m. c7916d7916